000 007040000a22002290004500
003 LK-CoMWRAF
005 20240106132736.0
008 230817t1999 ||||| |||| 00| 0 eng d
020 _a1856496805
040 _aLK-CoMWRAF
_dLK-CoMWRAF
_eLK-CoMWRAF
041 _aeng
082 _a892.736
_bSAA
100 _aSaadawi, Nawal El
245 _aA Daughter Of ISIS:
_bthe autobiography of Nawal El Saadawi
260 _aLondon:
_bZed books,
_c1999
300 _a294p. : ill. ; 24cm
650 _aWOMEN SOCIAL REFORMERS-Egypt -Biography
650 _aWomen authors, Egyptian -- 20th century -- Biography
650 _aWomen physicians--Egypt--Biography
700 _aHetata, Sherif
_etrans.
942 _cBK
999 _c509
_d509